Rozpoznaj województwa po kształcie flagi #1 - Statystyki

Ogólne statystyki
  • Ten quiz został rozwiązany 2 337 razy
  • Średni wynik to 7 z 8
Statystyki odpowiedzi
Obrazkowy Odpowiedź % Poprawnych
Pomorskie
97%
Mazowieckie
95%
Zachodniopomorskie
95%
Podlaskie
93%
Warmińsko-mazurskie
93%
Lubelskie
90%
Podkarpackie
88%
Kujawsko-pomorskie
85%
Nie znaleziono quizów pasujących do podanych kryteriów
Rozkład punktacji
Procent ludzi z każdym wynikiem
Percentyl według liczby udzielonych odpowiedzi
Twoja historia wyników
Nie rozwiązałeś tego quizu